Normal view
MARC view
- تاليف هندي، صالح ذياب واخرون، م.مشا رك هشام عامر عليان، م.مشارك احمد عبد الرحيم العموري، م.مشارك مفيد نجيب حواشين
Entry Personal Name
001 - CONTROL NUMBER
- control field: 60038
003 - CONTROL NUMBER IDENTIFIER
- control field: JO-AjAnu
005 - DATE AND TIME OF LATEST TRANSACTION
- control field: 20230606083820.0
008 - FIXED-LENGTH DATA ELEMENTS
- fixed length control field: 230606|| aca||aabn | a|a d
040 ## - CATALOGING SOURCE
- Original cataloging agency: JO-AjAnu
- Transcribing agency: JO-AjAnu
100 ## - HEADING--PERSONAL NAME
- Personal name: تاليف هندي، صالح ذياب واخرون، م.مشا رك هشام عامر عليان، م.مشارك احمد عبد الرحيم العموري، م.مشارك مفيد نجيب حواشين
670 ## - SOURCE DATA FOUND
- Source citation: Work cat.: (JO-AjAnu)30618: تاليف هندي، صالح ذياب واخرون، م.مشا رك هشام عامر عليان، م.مشارك احمد عبد الرحيم العموري، م.مشارك مفيد نجيب حواشين, author, اسس التربية